Outline of the operacional numerical Weather Prediction at the Japan Meteorological Agency | Appendix to Progress Report on Numerical Weather Prediction (Record no. 32600)

000 -Cabeçalho
Cabeçalho 00346nam 22001093 4500
001 - Identificador do registo
Identificador do registo 32600
090 ## - Número de controle KOHA
Número biblioitem KOHA 32600
100 ## - Dados gerais de processamento
Dados gerais de processamento 20260318d u||y0pory50 ba
101 ## - Língua da publicação
Língua do texto, banda sonora, etc. Inglês
200 ## - Título e menção de responsabilidade
Título próprio Outline of the operacional numerical Weather Prediction at the Japan Meteorological Agency
Informação de outro título Appendix to Progress Report on Numerical Weather Prediction
801 ## - Fonte de origem
Regras de catalogação ISBD
942 ## - Informação adicional KOHA
Inibição de acesso no OPAC Não
Holdings
Situação do extravio Classificação interna Koha para ordenação Data de aquisição Número de registo Número interno Koha (auto-gerado) Biblioteca de aquisição Biblioteca de empréstimo Numeração (volume ou parte) Cota Fim da data de empréstimo Permissão de empréstimo Tipo de documento
  ESTANTE_3_PRAT_4_000000000000000 2026-03-18 10155 32598 Biblioteca da Sede Biblioteca da Sede 2 exemplares Estante 3, Prat 4 2026-03-18   Monografias

Powered by Koha